Euro 2016 Dream Team - Group Stage - Statistics

General Stats
  • This quiz has been taken 119 times
  • The average score is 5 of 11
Answer Stats
Answer % Correct
Gareth Bale
96%
Aaron Ramsey
65%
Dimitri Payet
65%
Andrés Iniesta
56%
Granit Xhaka
49%
Ivan Perišić
49%
Leonardo Bonucci
47%
Darijo Srna
35%
Kyle Walker
32%
Michael McGovern
18%
Kári Árnason
10%
No matching quizzes found
Score Distribution
Percent of People with Each Score
Percentile by Number Answered
Your Score History
You have not taken this quiz